आर गुप्ता कृत पॉपुलर मास्टर गाइडःपत्रकारिता एवं जन-संचार प्रवेश परीक्षा (Record no. 3767)
[ view plain ]
| 000 -LEADER | |
|---|---|
| fixed length control field | 01536 a2200193 4500 |
| 005 - DATE AND TIME OF LATEST TRANSACTION | |
| control field | 20181127115523.0 |
| 010 ## - LCCN (DPL NO) | |
| LC control number | HIN-79806 , B-234094 |
| 020 ## - INTERNATIONAL STANDARD BOOK NUMBER | |
| Terms of availability | 250.00 |
| 035 ## - SYSTEM CONTROL NUMBER | |
| System control number | HN-52152, B-234094 B-234095 |
| 037 ## - SOURCE OF ACQUISITION | |
| Source of stock number/acquisition | D.B.Act / pub |
| 082 ## - DEWEY DECIMAL CLASSIFICATION NUMBER | |
| Classification number | 070.4 |
| 245 ## - TITLE STATEMENT | |
| Title | आर गुप्ता कृत पॉपुलर मास्टर गाइडःपत्रकारिता एवं जन-संचार प्रवेश परीक्षा |
| Remainder of title | पत्रकारिता एवं जन संचार प्रवेश परीक्षा तथा अन्य रेडियो,टी.वी.,सार्वजनिक क्षेत्र के उपक्रमों तथा स्वशासी निकायों द्वारा आयोजित प्रवेश परीक्षा हेतु अत्यन्त उपयोगी पुस्तक |
| 246 ## - VARYING FORM OF TITLE | |
| Title proper/short title | R. Gupta krit popular master guide:patrakarita avan jan sanchar Pariksha |
| 260 ## - PUBLICATION, DISTRIBUTION, ETC. (IMPRINT) | |
| Place of publication, distribution, etc | नई दिल्ली |
| Name of publisher, distributor, etc | रमेश पब्लिशिंग हाउस |
| Date of publication, distribution, etc | 2008 |
| 270 ## - ADDRESS | |
| Address | 12-एच. न्यू दरियागंज रोड, ट्रैफिक कोतवाली के सामने |
| City | नई दिल्ली |
| Postal code | 110002 |
| Telephone number | 23261567 |
| Fax number | 011-23275124 |
| Electronic mail address | info@rameshpublishinghouse.com |
| 300 ## - PHYSICAL DESCRIPTION | |
| Extent | वि.पृ |
| Dimensions | 25सेमी(अजिल्द) |
| 942 ## - ADDED ENTRY ELEMENTS (KOHA) | |
| Institution code [OBSOLETE] | dpl |
| Item type | Hindi Books |
| Call number prefix | 070.4 / आरगु |
| Source of classification or shelving scheme | Dewey Decimal Classification |
| Classification part | 070.4 |
| Call number suffix | आरगु |
| Withdrawn status | Lost status | Not for loan | Home library | Current library | Date acquired | Cost, normal purchase price | Full call number | Barcode | Copy number | Cost, replacement price | Koha item type | Collection code |
|---|---|---|---|---|---|---|---|---|---|---|---|---|
| D.B.Act.Division | D.B.Act.Division | 12/09/2008 | 250.00 | 070.4 à¤à¤°à¤à¥ | HN-52152 | 1 | 250.00 | Hindi Books | ||||
| R.C.Libraries (zls) | R.C.Libraries (zls) | 15/11/2018 | 250.00 | 070.4 आरगु | B-234094 | 1. | 250.00 | Hindi Books | Non-fiction | |||
| R.C.Libraries (zls) | R.C.Libraries (zls) | 27/11/2018 | 250.00 | 070.4 आरगु | B-234095 | 250.00 | Hindi Books | Non-fiction |
